000 00962nam a2200277 a 4500
001 000012041
005 20200929162653.0
008 091103s1972 sp a 001 0 spa d
040 _aDO-SdBNP
_bspa
_cBNPHU
041 1 7 _aspa
_hfre
_2Código de idioma MARC
082 _a410
_bP871p, 1972
100 1 _aPottier, Bernard,
_d1924-
_928480
240 1 0 _aPresentation de la linguistique.
_lEspañol
245 1 0 _aPresentación de la lingüística :
_bfundamentos de una teoría /
_cBernard Porttier ; traducción de Antonio Quilis.
250 _a2a ed.
260 _aMadrid :
_bAlcalá,
_c1972.
300 _a152 p. :
_bil. ;
_c24 cm.
490 1 _aRomania.
_aLingüistica
_v8
534 _pTítulo original en francés:
_tPresentation de la linguistique
_cParís, 1967
650 4 _aLingüística
_94035
650 4 _aSemántica
_927831
700 1 _aQuilis, Antonio,
_etr.
_928481
830 0 _aRomania.
_aLingüistica
_v8
_928482
910 _aWM
049 _aBNGR
999 _c11709
_d11709